LEADER 01012nam0-2200325---450- 001 990008708040403321 005 20080911122253.0 010 $a978-1-58603-725-3 035 $a000870804 035 $aFED01000870804 035 $a(Aleph)000870804FED01 035 $a000870804 100 $a20080911d--------km-y0itay50------ba 101 0 $aeng 102 $aNL 105 $a--------001cy 200 1 $aDevelopments in e-government$ea critical analysis$fedited by David Griffin, Philippa Trevorrow and Edward Halpin 210 $aAmsterdam$cIOS Press$dİ2007 215 $axxi, 201 p.$ctab., fig.$d24 cm 225 1 $aInnovation and the public sector$v13 610 0 $aAmministrazione pubblica$aComunicazione$aUso di Internet 676 $a352.3802854678$v21$zita 702 1$aGriffin,$bDavid 801 0$aIT$bUNINA$gRICA$2UNIMARC 901 $aBK 912 $a990008708040403321 952 $a352.38 GRI 1$b3819$fBFS 959 $aBFS 996 $aDevelopments in e-government$9718387 997 $aUNINA LEADER 00990nam0-2200301---450 001 990009309000403321 005 20171026162722.0 035 $a000930900 035 $aFED01000930900 035 $a(Aleph)000930900FED01 035 $a000930900 100 $a20110119d1960----km-y0itay50------ba 101 0 $aita 102 $aIT 105 $a--------001yy 200 1 $aAppunti di propedeutica clinica dalle lezioni del prof. Antonio Lanzara$eParte prima: Propedeutica clinica generale$fAntonio Lanzara 210 $aNapoli$cR. Liguori$d1960 300 $aIn testa al frontespizio: Patologia speciale chirurgica e propedeutica clinica 610 0 $aDiagnostica 676 $a616.75 700 1$aLanzara,$bAntonio$0367463 801 0$aIT$bUNINA$gRICA$2UNIMARC 901 $aBK 912 $a990009309000403321 952 $a90 CCH CHIRURGIA 27$b426$fFMEBC 959 $aFMEBC 996 $aAppunti di propedeutica clinica dalle lezioni del prof. Antonio Lanzara$9771351 997 $aUNINA